000 00721nam a22001697a 4500
999 _c58470
_d58470
005 20240321174041.0
008 220324s2021ge xxu||||| |||| 00| 0 geo d
022 _a01343459
041 _ageo
245 _aჭოროხი :
_b2021. ლიტერატურულ - სამხატვრო და საზოგადოებრივი ჟურნალი /
_cმთ. რედაქტორი სანდრო ბერიძე.
260 _aბათუმი,
_c2021.
300 _av
653 _a ჭოროხი
653 _a პეროდიკა
700 _a ბერიძე, სანდრო
_c[მთავარი რედაქტორი]
_913607
942 _2udc
_cCR